ბათუმის შოთა რუსთაველის სახელმწიფო უნივერსიტეტის ბიბლიოთეკა

Language learning with technology : ideas for integrating technology in the language classroom / (ბიბ.ჩანაწერი № 50568)

000 -LEADER
fixed length control field 01001nam a2200241Ia 4500
001 - CONTROL NUMBER
control field 17518
003 - CONTROL NUMBER IDENTIFIER
control field GE_BSU
005 - DATE AND TIME OF LATEST TRANSACTION
control field 20221114105602.0
008 - FIXED-LENGTH DATA ELEMENTS--GENERAL INFORMATION
fixed length control field 181216s2013 xx |||||||||||||| ||rus||
020 ## - INTERNATIONAL STANDARD BOOK NUMBER
International Standard Book Number 9781107628809x
040 ## - CATALOGING SOURCE
Transcribing agency GE_BSU
041 ## - LANGUAGE CODE
Language code of text/sound track or separate title rus
080 ## - UNIVERSAL DECIMAL CLASSIFICATION NUMBER
Universal Decimal Classification number 811.111(075.8) S-81
100 ## - MAIN ENTRY--PERSONAL NAME
Personal name Stanley, Graham.
9 (RLIN) 7074
245 ## - TITLE STATEMENT
Title Language learning with technology : ideas for integrating technology in the language classroom /
Statement of responsibility, etc. Graham Stanley ; editor . Scott Thornbury.
264 ## - PRODUCTION, PUBLICATION, DISTRIBUTION, MANUFACTURE, AND COPYRIGHT NOTICE
Place of production, publication, distribution, manufacture Cambridge ; New York :
Name of producer, publisher, distributor, manufacturer Cambridge University Press,
Date of production, publication, distribution, manufacture, or copyright notice 2013.
300 ## - PHYSICAL DESCRIPTION
Extent xi, 250 pages :
Other physical details llustrations ;
Dimensions 25 cm.
440 ## - SERIES STATEMENT/ADDED ENTRY--TITLE
Title Cambridge Handbooks for teachers
9 (RLIN) 7076
653 ## - INDEX TERM--UNCONTROLLED
keyword Language and languages--Computer-assisted instruction. Language and languages--Study and teaching--Technological innovations. Educational technology--Social aspects.
653 ## - INDEX TERM--UNCONTROLLED
keyword ინგლისური ენა
700 ## - ADDED ENTRY--PERSONAL NAME
Personal name Thornbury, Scott
Relator term რედაქტორი
9 (RLIN) 7075
942 ## - ADDED ENTRY ELEMENTS (KOHA)
Koha item type წიგნი
Source of classification or shelving scheme
ეგზემპლარები
Withdrawn status Lost status Source of classification or shelving scheme Damaged status Not for loan Permanent Location Current Location Shelving location Date acquired Cost, normal purchase price Full call number Barcode Date last seen Copy number Price effective from Koha item type Public note
          ბათუმის შოთა რუსთაველის სახელმწიფო უნივერსიტეტის მთავარი ბიბლიოთეკა ბათუმის შოთა რუსთაველის სახელმწიფო უნივერსიტეტის მთავარი ბიბლიოთეკა წიგნსაცავი 2018-12-17 132.00 811.111(075.8) S-81 45587 2018-12-17 45587 2018-12-17 წიგნი 132gel.